| 000 | 01105 a2200325 4500 | ||
|---|---|---|---|
| 001 | 71781 | ||
| 999 |
_c71781 _d20139 |
||
| 003 | TR-AnTOB | ||
| 005 | 20190509190111.0 | ||
| 008 | 080909s2003 tu 00010 tur | ||
| 041 | _atur | ||
| 050 |
_aDS51 _b.T37 2003 |
||
| 090 | _aDS51 .T37 2003 | ||
| 245 | 0 |
_aTarihin doğayla buluştuğu yer : _bTaraklı / _cHaz. Erdinç Filiz...[ve başk.]. |
|
| 246 | 3 | _aTaraklı. | |
| 264 | 1 |
_aTaraklı: _bTaraklı Kaymakamlığı, _c2003. |
|
| 300 |
_aXX,151 s.: _bres.; _c23 cm. |
||
| 500 | _aKaynakça var. | ||
| 590 |
_aSn. Celil Güngör _ctarafından bağışlanmıştır. |
||
| 651 |
_aTaraklı (Sakarya, Türkiye) _xTarih _946948 |
||
| 651 |
_aTaraklı (Sakarya, Türkiye) _xSosyal durum _946949 |
||
| 651 |
_aTaraklı (Sakarya, Türkiye) _xEkonomik durum _946950 |
||
| 651 |
_aTaraklı (Sakarya, Turkey) _xHistory _946951 |
||
| 651 |
_aTaraklı (Sakarya, Turkey) _xEconomic conditions _946952 |
||
| 651 |
_aTaraklı (Sakarya, Turkey) _xSocial conditions _946953 |
||
| 700 |
_aFiliz, Erdinç _946947 |
||
| 902 | _a0025305 | ||
| 903 | _aMerkez Kütüphane | ||
| 945 | _aGA, kntrl. | ||
| 942 | _cBK | ||